Sports Quiz

Random Sports or MLB Quiz

MLB Batting Leaders (2010) Quiz Stats

Quiz Updated Oct 8, 2013

Challenge
Share
Tweet
Embed
Score 0/196 Timer 10:00
1 Play Today
Category Player Name % Correct
AverageJosh Hamilton
94.4%
OBPJosh Hamilton
94.4%
HitsJosh Hamilton
94.4%
HRJosh Hamilton
94.4%
Total BasesJosh Hamilton
94.4%
OPSJosh Hamilton
94.4%
WAR (Hitters)Josh Hamilton
94.4%
Runs CreatedJosh Hamilton
94.4%
OBPAlbert Pujols
93.7%
WalksAlbert Pujols
93.7%
HRAlbert Pujols
93.7%
Total BasesAlbert Pujols
93.7%
Runs ScoredAlbert Pujols
93.7%
RBIAlbert Pujols
93.7%
Double Plays (GIDP)Albert Pujols
93.7%
OPSAlbert Pujols
93.7%
WAR (Hitters)Albert Pujols
93.7%
Runs CreatedAlbert Pujols
93.7%
HitsIchiro Suzuki
90.8%
SBIchiro Suzuki
90.8%
Runs ScoredDerek Jeter
89.6%
Double Plays (GIDP)Derek Jeter
89.6%
Outs MadeDerek Jeter
89.6%
AverageJoey Votto
89.3%
OBPJoey Votto
89.3%
WalksJoey Votto
89.3%
HRJoey Votto
89.3%
Total BasesJoey Votto
89.3%
Runs ScoredJoey Votto
89.3%
RBIJoey Votto
89.3%
OPSJoey Votto
89.3%
WAR (Hitters)Joey Votto
89.3%
Runs CreatedJoey Votto
89.3%
AverageJoe Mauer
89.2%
OBPJoe Mauer
89.2%
AverageMiguel Cabrera
89.1%
OBPMiguel Cabrera
89.1%
WalksMiguel Cabrera
89.1%
HRMiguel Cabrera
89.1%
Total BasesMiguel Cabrera
89.1%
Runs ScoredMiguel Cabrera
89.1%
RBIMiguel Cabrera
89.1%
OPSMiguel Cabrera
89.1%
WAR (Hitters)Miguel Cabrera
89.1%
Runs CreatedMiguel Cabrera
89.1%
OBPPrince Fielder
88.9%
WalksPrince Fielder
88.9%
HRPrince Fielder
88.9%
RBIAlex Rodriguez
88.4%
Adjusted OPS+Josh Hamilton
87.6%
Adjusted OPS+Albert Pujols
86.9%
Double Plays (GIDP)Ivan Rodriguez
85.4%
AverageRobinson Cano
85.4%
HitsRobinson Cano
85.4%
Total BasesRobinson Cano
85.4%
RBIRobinson Cano
85.4%
WAR (Hitters)Robinson Cano
85.4%
Runs CreatedRobinson Cano
85.4%
AverageCarlos Gonzalez
84.4%
HitsCarlos Gonzalez
84.4%
HRCarlos Gonzalez
84.4%
Total BasesCarlos Gonzalez
84.4%
Runs ScoredCarlos Gonzalez
84.4%
RBICarlos Gonzalez
84.4%
OPSCarlos Gonzalez
84.4%
Runs CreatedCarlos Gonzalez
84.4%
Category Player Name % Correct
WalksAdrian Gonzalez
83.8%
WAR (Hitters)Adrian Gonzalez
83.8%
WalksJose Bautista
83.1%
HRJose Bautista
83.1%
Total BasesJose Bautista
83.1%
Runs ScoredJose Bautista
83.1%
RBIJose Bautista
83.1%
OPSJose Bautista
83.1%
Runs CreatedJose Bautista
83.1%
Adjusted OPS+Joey Votto
82.6%
DoublesMiguel Cabrera
82.5%
Adjusted OPS+Miguel Cabrera
82.5%
StrikeoutsAdam Dunn
79.5%
HRAdam Dunn
79.5%
HRDavid Ortiz
78%
TriplesCarlos Gonzalez
77.9%
Adjusted OPS+Adrian Gonzalez
77.4%
HitsRyan Braun
76.8%
Adjusted OPS+Jose Bautista
76.7%
OBPPaul Konerko
72.1%
HRPaul Konerko
72.1%
Total BasesPaul Konerko
72.1%
RBIPaul Konerko
72.1%
OPSPaul Konerko
72.1%
Runs CreatedPaul Konerko
72.1%
AverageTroy Tulowitzki
71.8%
OPSTroy Tulowitzki
71.8%
DoublesRyan Braun
70.8%
Runs ScoredCarl Crawford
69.7%
SBCarl Crawford
69.7%
WAR (Hitters)Evan Longoria
69.6%
WalksMark Teixeira
69%
HRMark Teixeira
69%
Runs ScoredMark Teixeira
69%
StrikeoutsMark Reynolds
67.6%
HRMark Reynolds
67.6%
Adjusted OPS+Paul Konerko
66.2%
HitsMatt Holliday
66.1%
Total BasesMatt Holliday
66.1%
OPSMatt Holliday
66.1%
Runs CreatedMatt Holliday
66.1%
HitsMichael Young
65.7%
Outs MadeMichael Young
65.7%
RBIDelmon Young
65.4%
DoublesEvan Longoria
63.9%
TriplesCarl Crawford
63.7%
StrikeoutsCarlos Pena
61.7%
AverageAdrian Beltre
61.1%
HitsAdrian Beltre
61.1%
Total BasesAdrian Beltre
61.1%
Double Plays (GIDP)Adrian Beltre
61.1%
WAR (Hitters)Adrian Beltre
61.1%
DoublesMatt Holliday
60.4%
Adjusted OPS+Matt Holliday
60.4%
DoublesDelmon Young
60%
StrikeoutsB.J. Upton
58.8%
SBB.J. Upton
58.8%
StrikeoutsDavid Wright
57.6%
DoublesAdrian Beltre
55.9%
SBJuan Pierre
54.7%
Caught StealingJuan Pierre
54.7%
Outs MadeJuan Pierre
54.7%
Runs ScoredJayson Werth
53.1%
OPSJayson Werth
53.1%
Runs CreatedJayson Werth
53.1%
HRDan Uggla
52.8%
Category Player Name % Correct
AverageBilly Butler
52.1%
HitsBilly Butler
52.1%
Double Plays (GIDP)Billy Butler
52.1%
OBPJason Heyward
51.3%
WalksJason Heyward
51.3%
SBBrett Gardner
49.9%
StrikeoutsMatt Kemp
49.8%
Caught StealingMatt Kemp
49.8%
Outs MadeMatt Kemp
49.8%
DoublesJayson Werth
48.2%
Adjusted OPS+Jayson Werth
48.2%
TriplesJose Reyes
48.2%
DoublesBilly Butler
47.9%
SBMichael Bourn
47.7%
Caught StealingMichael Bourn
47.7%
StrikeoutsRickie Weeks
43.4%
Runs ScoredRickie Weeks
43.4%
Outs MadeRickie Weeks
43.4%
HitsNick Markakis
41.5%
Double Plays (GIDP)Derrek Lee
40.7%
Outs MadeCarlos Lee
40.7%
RBIVladimir Guerrero
40.4%
Caught StealingBrandon Phillips
39.7%
Outs MadeBrandon Phillips
39.7%
TriplesShane Victorino
39.6%
OBPShin-Soo Choo
38.3%
WAR (Hitters)Shin-Soo Choo
38.3%
DoublesNick Markakis
37.4%
Double Plays (GIDP)Kurt Suzuki
36%
SBRajai Davis
34.7%
Adjusted OPS+Shin-Soo Choo
34.4%
Double Plays (GIDP)Pablo Sandoval
34.1%
StrikeoutsAustin Jackson
31.1%
Caught StealingElvis Andrus
30.4%
AverageOmar Infante
29.3%
SBChone Figgins
29.3%
Caught StealingChone Figgins
29.3%
Outs MadeChone Figgins
29.3%
WalksBen Zobrist
28.7%
TriplesAustin Jackson
28.3%
TriplesStephen Drew
27.6%
Outs MadeMiguel Tejada
27%
DoublesVernon Wells
26.7%
WAR (Hitters)Aubrey Huff
26.6%
SBScott Podsednik
26.2%
Caught StealingScott Podsednik
26.2%
Caught StealingNyjer Morgan
25.2%
Double Plays (GIDP)Michael Cuddyer
23.2%
Caught StealingTorii Hunter
21.7%
Double Plays (GIDP)Torii Hunter
21.7%
TriplesDexter Fowler
20.2%
SBAngel Pagan
20.1%
Outs MadeDenard Span
19.3%
OBPDaric Barton
19%
WalksDaric Barton
19%
TriplesDenard Span
17.5%
Caught StealingAlex Rios
17%
StrikeoutsDrew Stubbs
16.6%
StrikeoutsAdam LaRoche
16.1%
TriplesAndres Torres
11.8%
TriplesAlcides Escobar
10.6%
Double Plays (GIDP)Ty Wigginton
7.9%
Double Plays (GIDP)Alberto Callaspo
6.7%
TriplesCliff Pennington
6.6%

You're not logged in!

Compare scores with friends on all Sporcle quizzes.
Sign Up with Email
OR
Log In

You Might Also Like...

Show Comments

Extras

Top Quizzes Today


Score Distribution

Your Account Isn't Verified!

In order to create a playlist on Sporcle, you need to verify the email address you used during registration. Go to your Sporcle Settings to finish the process.

Report this User

Report this user for behavior that violates our Community Guidelines.

Details: